Об ассигновании средств на рассмотрение ходатайств о выдаче привилегий на изобретения и усовершенствования в области промышленно...

RUSMARC
00005591cac2a2200000#x 450
001fca9b5dbe7e84bb895302d79910df0e1
00520210722160750.0
100##$a20130912l19111911k y0rusy0189 ca
1010#$arus
102##$aRU
251##$cДело
2250#$aФонд Совет министров (1905-1917)
$hОпись № 7
$i1911 г.
300##$aПечатный текст
300##$aОригинальный заголовок дела: Об ассигновании средств на усиление занятия по делам об охране промышленной собственности : 18 августа 1911 года
324##$aПленка
801#0$aRU
$bРГИА
$c20130912
801#1$aRU
$bГлавНИВЦ
$c20130912
$2rusmarc
801#2$aRU
$bПБ им. Б.Н. Ельцина
$c20130913
$gRCR
$2rusmarc
850##$aФедеральное казенное учреждение "Российский государственный исторический архив" (РГИА)
852##$aРГИА
$j149
937##$aASBIBLIO_SCAN
$bРГИА_1276:_7:_149:
$d1517631
$hРГИА
2001#$aОб ассигновании средств на рассмотрение ходатайств о выдаче привилегий на изобретения и усовершенствования в области промышленности и о регистрации товарных знаков, фабричных рисунков и моделей
$j18 августа 1911 года
215##$a5 листов
035##$afca9b5dbe7e84bb895302d79910df0e1
1220#$ad19110818##
5171#$aОб ассигновании средств на усиление занятия по делам об охране промышленной собственности
$e18 августа 1911 года
461#0$1001c7912e80-a322-4844-9992-beca65726c82
$12001
$aСовет министров (1905-1917)
$1251
$cФонд
$1852
$j1276
462#0$10014baaedbe-26aa-4a04-8d1e-66c1dcbb004d
$12001
$a1911 г.
$vД. 149
$1251
$cОпись
$1852
$j7
605##$2acquisition_Prlib
$3DITM\AF\0000002775
$aВласть
$lколлекция
605##$2acquisition_Prlib
$3DITM\AF\0000003834
$aНарод
$lколлекция
605##$aРоссийское изобретательство: страницы истории
$lколлекция
$2acquisition_Prlib
$3LIBNET\UAF\0000095744
6061#$2nlr_sh
$3RU\NLR\AUTH\6601682045
$aИзобретения
$xПатентование
$yРоссия
$jДокументы и материалы
60101$2nlr_sh
$3RU\NLR\AUTH\66316935
$aРоссия
$bСовет министров
$jДокументы и материалы
686##$a30у.ю11
$2rubbk
$vLBC/M
686##$a63.3(2)53-33ю11
$2rubbk
$vLBC/M
Формат отображения